| 000 | 00440nam a2200157 i 4500 | ||
|---|---|---|---|
| 001 | 95269 | ||
| 003 | ES-MaACL | ||
| 005 | 20251111131008.0 | ||
| 007 | t| | ||
| 008 | 050525s1922 it ||||1| ita d | ||
| 100 | 1 |
_aLuxemburg, Rosa, _d1870-1919 _974894 |
|
| 245 | 1 | 0 |
_aLettere dal carcere / _cRosa Luxemburg. |
| 260 |
_aMilano : _bSocietá editrice Avanti, _c1922. |
||
| 852 |
_aES-MaACL _j1629-F-1 |
||
| 999 |
_c95269 _d95269 |
||